The South African Encyclopedia of Forms and Precedents : (Record no. 1178)

MARC details
000 -LEADER
fixed length control field 00542nam a22001697a 4500
005 - DATE AND TIME OF INPUT
control field 20231212061946.0
008 - DATA ELEMENTS--GENERAL INFORMATION
fixed length control field 231212b |||||||| |||| 00| 0 eng d
020 ## - INTERNATIONAL STANDARD BOOK NUMBER
International Standard Book Number 409005916
041 ## - LANGUAGE CODE
Language code of text English
082 ## - SHELF NUMBER
DDC number 348 SOU
100 ## - MAIN AUTHOR
Language of a work English
245 ## - TITLE STATEMENT
Title The South African Encyclopedia of Forms and Precedents :
Sub-title 1971 Cumulative Supplement
260 ## - PUBLICATION, DISTRIBUTION, ETC.
Place of publication, distribution, etc. Durban :
Name of publisher, distributor, etc. Butterworth and Company (Pty) Ltd,
Date of publication, distribution, etc. 1971
300 ## - PHYSICAL DESCRIPTION
Other physical details xx, 148 pages ;
Dimensions 25 cm.
650 ## - SUBJECT`
Broad subject Legal practice
Own subject terms Law
942 ## - ADDED ENTRY ELEMENTS (KOHA)
Item type Books
942 ## - ADDED ENTRY ELEMENTS (KOHA)
-- ALISON_BN_VRIES
Holdings
Source of classification or shelving scheme Volume number (bound volume or other part) Not for loan Collection code Home library Current library Shelving location Date acquired Full call number Barcode Price effective from Koha item type
Dewey Decimal Classification Cumulative Supplement 1986   TEXT BOOKS LAW SOCIETY OF NAMIBIA LIBRARY - WINDHOEK LAW SOCIETY OF NAMIBIA LIBRARY - WINDHOEK General Shelf 12/12/2023 348 SOU LSN/1987/186 12/12/2023 Books